Pathways to pregnancy and parturition /

Guardado en:
Autor Principal: Senger, P. L.
Formato: Libro
Idioma:English
Publicado: Pullman, WA : Current Conceptions, c1997.
Etiquetas: Agregar Etiqueta
Sin Etiquetas, Sea el primero en etiquetar este registro!
LEADER 00583cam a2200169 a 4500
001 EEA.libagro009677
005 20161007101845.0
008 971009s1997####waua#####b####001#0#eng#d
020 |a 096576480X 
082 0 0 |a 636.089263 
082 0 0 |a 591.16 
100 1 |a Senger, P. L.  |q (Phillip L.) 
245 1 0 |a Pathways to pregnancy and parturition /  |c P.L. Senger. 
260 |a Pullman, WA :  |b Current Conceptions,  |c c1997. 
300 |a xiii, 272 p. :  |b il. (algunas col.) ;  |c 28 cm. 
504 |a Incluye referencias bibliográficas e índice. 
859 |a AR-BbBCA  |b BIB. AGRONOMIA  |h 636.089263  |i S476  |p 1998/3352